Aspectos sobre la construcción de un socialismo con peculiaridades chinas /
Uloženo v:
| Hlavní autor: | |
|---|---|
| Médium: | Text |
| Témata: | |
| Tagy: |
Přidat tag
Žádné tagy, Buďte první, kdo vytvoří štítek k tomuto záznamu!
|
MARC
| LEADER | 00000 a a2200000 04500 | ||
|---|---|---|---|
| 001 | 13602 | ||
| 003 | |||
| 040 | |a CRAI/IIS |c CRAI/IIS | ||
| 100 | |a Li, Lianfu | ||
| 245 | |a Aspectos sobre la construcción de un socialismo con peculiaridades chinas / |c Lianfu Li | ||
| 650 | |a SOCIALISMO | ||
| 650 | |a REFORMA ECONOMICA | ||
| 650 | |a DEMOCRACIA | ||
| 650 | |a DESARROLLO ECONOMICO Y SOCIAL | ||
| 650 | |a RELACIONES INTERNACIONALES | ||
| 773 | |g número 77; páginas 3-9 | ||
| 999 | |c 20048 |d 20048 | ||
